000 00383 a2200133 4500
005 20250526065301.0
020 _a0-88410-419-2
082 _aLECT 380.5 MOH
100 _aMOHRING, H.
245 _aTransportation Economics
260 _aCambridge, Mass,
_bBallinger Publishing Company,
_c1976.
300 _axv, 174p.: ill.; figure, table.
_bIndex & Reference.
_c23cm.
942 _2ddc
_cBKS
999 _c2640
_d2640